Statistiche per Ricostruisci la Carriera del Calciatore - Amauri

Clicka qui per fare il quiz!

Statistiche generali

  • Questo quiz è stato fatto 2 volte
  • Il punteggio medio è 5 su 17

Statistiche sulle risposte

HintRisposta% Corretto
2000-2001Bellinzona
100%
2008-2011Juventus
100%
1999-2000Santa Catarina
100%
2003-2006Chievo
50%
2012Fiorentina
50%
2002-2003Messina
50%
2006-2008Palermo
50%
2002Empoli
0%
2016-2017Ft. Lauderdale Strikers
0%
2011-2012Juventus
0%
2001Napoli
0%
2017N.Y. Cosmos
0%
2011Parma
0%
2001Parma
0%
2012-2014Parma
0%
2001-2002Piacenza
0%
2014-2016Torino
0%

Distribuzione punteggi

Percentile per numero di risposta

Percentuale di utenti per punteggio

I tuoi punteggi nel tempo

Non hai fatto questo quiz